000 00719nam a2200265Ia 4500
003 OSt
005 20220912150902.0
006 a|||||r|||| 00| 0
007 ta
008 220909b |||||||| |||| 00| 0 eng d
024 _a27518
037 _cTextual
040 _aCSL
_beng
_cCSL
041 _aeng
082 _aB28:(T), M7
100 _aAnderson C W
245 0 _aTeaching of practical statistics
260 _aChichester
_bJohn Wiley
_c1987
300 _axi,199p.
_ccm.
490 _aWiley Series in Probability and Mathematical Statistics
650 _aStatistics
700 _a Loynes R M
942 _hB28:(T), M7
_cTEXL
_2CC
999 _c56865
_d56865